Teresa Burga (Record no. 1892)

MARC details
000 -LEADER
campo de control de longitud fija 00477nam a2200145 4500
008 - DATOS DE LONGITUD FIJA--INFORMACIÓN GENERAL
campo de control de longitud fija 708 B954t
020 ## - NÚMERO INTERNACIONAL ESTÁNDAR DEL LIBRO
Número Internacional Estándar del Libro 9780578582658
082 ## - NÚMERO DE LA CLASIFICACIÓN DECIMAL DEWEY
Número de clasificación 708
Número de ítem B954t
100 ## - ENTRADA PRINCIPAL--NOMBRE DE PERSONA
Nombre de persona Burga, Teresa
9 (RLIN) 7288
245 ## - MENCIÓN DEL TÍTULO
Título Teresa Burga
260 ## - PUBLICACIÓN, DISTRIBUCIÓN, ETC.
Lugar de publicación, distribución, etc. Nueva York
Nombre del editor, distribuidor, etc. Alexander Gray Association
Fecha de publicación, distribución, etc. 2019
300 ## - DESCRIPCIÓN FÍSICA
Extensión 98 p.
Otras características físicas il. (col)
Dimensiones 23 x 17 cm
650 ## - PUNTO DE ACCESO ADICIONAL DE MATERIA--TÉRMINO DE MATERIA
Subdivisión general arte conceptual
-- arte - exhibiciones
-- artista - catálogo de exhibición
-- Perú
-- dibujo
-- instalación
9 (RLIN) 7289
700 ## - ENTRADA AGREGADA--NOMBRE PERSONAL
Nombre de persona Jassan, Alejandro (editor)
9 (RLIN) 7290
Holdings
Estatus retirado Estado de pérdida Fuente del sistema de clasificación o colocación Estado de daño No para préstamo Biblioteca de origen Biblioteca actual Ubicación en estantería Fecha de adquisición Total de préstamos Signatura topográfica completa Código de barras Visto por última vez Precio de reemplazo Tipo de ítem Koha
    Clasificación Decimal Dewey     Biblioteca LadoV Biblioteca LadoV   19/02/2020   708 B954t 003038 19/02/2020 19/02/2020 Material 01